MARC details
| 000 -CABECERA |
| campo de control de longitud fija |
02794nam a2200373 a 4500 |
| 003 - IDENTIFICADOR DEL NÚMERO DE CONTROL |
| campo de control |
CHAP |
| 005 - FECHA Y HORA DE LA ÚLTIMA TRANSACCIÓN |
| campo de control |
20230503181902.0 |
| 007 - CAMPO FIJO DE DESCRIPCIÓN FÍSICA--INFORMACIÓN GENERAL |
| campo de control de longitud fija |
ta |
| 008 - DATOS DE LONGITUD FIJA--INFORMACIÓN GENERAL |
| campo de control de longitud fija |
230503s2020 sp ad||fr|||| 001 0 spa d |
| 020 ## - NÚMERO INTERNACIONAL ESTÁNDAR DEL LIBRO |
| Número Internacional Estándar del Libro |
978-987-1457-44-1 |
| 040 ## - FUENTE DE LA CATALOGACIÓN |
| Centro catalogador/agencia de origen |
mxchpua |
| Centro/agencia transcriptor |
CHAP |
| Normas de descripción |
rda |
| 050 10 - SIGNATURA TOPOGRÁFICA DE LA BIBLIOTECA DEL CONGRESO |
| Número de clasificación |
TJ810.7 |
| Número de documento/Ítem |
.A74 2020 |
| 082 00 - NÚMERO DE LA CLASIFICACIÓN DECIMAL DEWEY |
| Número de clasificación |
621.47 |
| Número de documento/Ítem |
A74 2020 |
| Número de edición |
20 |
| 100 1# - ENTRADA PRINCIPAL--NOMBRE DE PERSONA |
| 9 (RLIN) |
186881 |
| Nombre de persona |
Arenas, Fernando Carlos |
| Término indicativo de función/relación |
autor |
| 245 10 - MENCIÓN DE TÍTULO |
| Título |
Procesos para el uso térmico de la energía solar / |
| Mención de responsabilidad, etc. |
Fernando Carlos Arenas |
| 250 ## - MENCIÓN DE EDICIÓN |
| Mención de edición |
1a edición |
| 264 ## - PRODUCCIÓN, PUBLICACIÓN, DISTRIBUCIÓN, FABRICACIÓN Y COPYRIGHT |
| Producción, publicación, distribución, fabricación y copyright |
España, Córdoba : |
| Nombre del de productor, editor, distribuidor, fabricante |
Universitas, |
| Fecha de producción, publicación, distribución, fabricación o copyright |
2020 |
| 300 ## - DESCRIPCIÓN FÍSICA |
| Extensión |
157 páginas : |
| Otras características físicas |
ilustraciones, tablas, gráficas y diagramas |
| 336 ## - TIPO DE CONTENIDO |
| Fuente |
rdacontent |
| Término de tipo de contenido |
texto |
| Código de tipo de contenido |
txt |
| 337 ## - TIPO DE MEDIO |
| Fuente |
rdamedia |
| Nombre/término del tipo de medio |
sin medio |
| Código del tipo de medio |
n |
| 338 ## - TIPO DE SOPORTE |
| Fuente |
rdacarrier |
| Nombre/término del tipo de soporte |
volumen |
| Código del tipo de soporte |
nc |
| 490 1# - MENCIÓN DE SERIE |
| Mención de serie |
Ingeniería (Universitas) |
| 504 ## - NOTA DE BIBLIOGRAFÍA, ETC. |
| Nota de bibliografía, etc. |
Bibliografía: páginas 157 |
| 505 0# - NOTA DE CONTENIDO CON FORMATO |
| Nota de contenido con formato |
CAPÍTULO 1: LA RADIACIÓN SOLAR --<br/>CAPÍTULO 2: CONCEPTOS BÁSICOS SOBRE TRANSMISIÓN DEL CALOR --<br/>CAPÍTULO 3: CONVERSIÓN TÉRMICA DE LA ENERGÍA SOLAR --<br/>CAPÍTULO 4: CAPTACIÓN DE LA ENERGÍA NECESARIA PARA EL A. C. S. --<br/>CAPÍTULO 5: APLICACIÓN A MEDIA Y ALTA TEMPERATURA --<br/>CAPÍTULO 6: SISTEMAS DE CALEFACCIÓN Y REFRIGERACIÓN --<br/>CAPÍTULO 7: PURIFICACIÓN SOLAR DEL AGUA --<br/>CAPÍTULO 8: SECADO SOLAR |
| 520 2# - SUMARIO, ETC. |
| Sumario, etc. |
Este texto está dedicado a todos aquellos que desean tomar conocimiento de los problemas específicos relacionados con el aprovechamiento de la energía solar térmica, contribuyendo así a la difusión de los conceptos científicos relativos a las energías no convencionales y sus tecnologías.El tratamiento de este tema tiene su origen en un curso dado en la Facultad de Ciencias Exactas Físicas y Naturales de la Universidad Nacional de Córdoba por un período de varios años. En su desarrollo se buscó asegurar la comprensión de los fenómenos físicos, introduciendo para ello las fórmulas más importantes relacionadas con los mismos, como así también, los aspectos prácticos que sirven como suplemento de los procesos de ingeniería.<br/>Se ha supuesto que el lector posee conocimientos incorporados sobre la termodinámica, la óptica, la transmisión del calor, la mecánica de los fluidos etc.El objetivo del libro se verá cumplido si el mismo es un aporte para quienes desean ayudar a satisfacer una mayor demanda energética sin contribuir a un agotamiento de los recursos naturales no renovables y al deterioro medioambiental del planeta. |
| 650 13 - PUNTO DE ACCESO ADICIONAL DE MATERIA--TÉRMINO DE MATERIA |
| 9 (RLIN) |
36911 |
| Término de materia o nombre geográfico como elemento de entrada |
Energía solar |
| 650 13 - PUNTO DE ACCESO ADICIONAL DE MATERIA--TÉRMINO DE MATERIA |
| 9 (RLIN) |
186890 |
| Término de materia o nombre geográfico como elemento de entrada |
Energía solar térmica |
| 650 13 - PUNTO DE ACCESO ADICIONAL DE MATERIA--TÉRMINO DE MATERIA |
| 9 (RLIN) |
186444 |
| Término de materia o nombre geográfico como elemento de entrada |
Fuentes de energía renovable |
| 650 13 - PUNTO DE ACCESO ADICIONAL DE MATERIA--TÉRMINO DE MATERIA |
| 9 (RLIN) |
156670 |
| Término de materia o nombre geográfico como elemento de entrada |
Solar energy |
| 650 13 - PUNTO DE ACCESO ADICIONAL DE MATERIA--TÉRMINO DE MATERIA |
| 9 (RLIN) |
186891 |
| Término de materia o nombre geográfico como elemento de entrada |
Solar thermal energy |
| 650 13 - PUNTO DE ACCESO ADICIONAL DE MATERIA--TÉRMINO DE MATERIA |
| 9 (RLIN) |
186445 |
| Término de materia o nombre geográfico como elemento de entrada |
Renewable energy sources |
| 830 #0 - PUNTO DE ACCESO ADICIONAL DE SERIE-TÍTULO UNIFORME |
| 9 (RLIN) |
186882 |
| Título uniforme |
Ingeniería (Universitas) |
| 942 ## - ELEMENTOS DE PUNTO DE ACCESO ADICIONAL (KOHA) |
| Fuente del sistema de clasificación o colocación |
Dewey Decimal Classification |
| Tipo de ítem Koha |
|